| 000 | 02534nam a22002417a 4500 | ||
|---|---|---|---|
| 005 | 20250505154312.0 | ||
| 008 | 250505b |||||||| |||| 00| 0 eng d | ||
| 020 | _a9789391820978 | ||
| 040 | _cAIMIT LIBRARY | ||
| 082 |
_21 _a346.07 _bKAPN |
||
| 100 |
_aKapoor, N D. _9209223 |
||
| 245 |
_aElements of : _bcompany law / _cBy N D Kapoor. |
||
| 250 | _a1st ed. | ||
| 260 |
_aNew Delhi : _bSultan Chand & Sons , _c2025. |
||
| 300 |
_axxviii,468p. ; _bPB _c25 cm |
||
| 500 | _aWe have great pleasure in presenting the 31st Revised and Enlarged Edition of the book entitled Elements of Company Law” with the Companies Act, 2013 (Schedules) Which has been thoroughly updated and amended upto 2019 to our esteemed readers. This book is specially written for B. Com, M. Com, CA, CS, CMA, MBA, LLB and Other Commerce Courses of all Indian Universities. Special Features The book deals with all aspects of company law in detail. The subject-matter is discussed in a simple and easily intelligible language under appropriate headings (and not Section-wise). More than 200 Practical Problems (with Hints for their solution) and Multiple Choice Questions (with Answers) have been given. | ||
| 505 |
_a
Contents :
Nature of Company
Kind of Companies
Formation of Company
Memorandum of Association
Articles of Association
Prospectus
Share Capital and Debentures
Acceptance of Deposits by Companies
Registration of Charges
Management and Administration
Declaration and Payment of Dividend
Accounts of Companies
Audit and Auditors
Appointment of Directors
Meeting of Board and its Powers
Appointment and Remuneration of Managerial Personnel
Inspection, Inquiry and Investigation
Compromises, Arrangement and Amalgamations
Prevention of Oppression and Mismanagement
Registered Valuers
Removal of Names of Companies from the Register of Companies
Winding Up
Companies Authorised to Register under Companies Act
Companies Incorporated Outside India
Government Companies
Registration Offices and Fees
Companies to Furnish Information or Statistics
Nidhi
National Company Law Tribunal and Appellate Tribunal
Special Courts
Miscellaneous
The Depositories Act, 1996
Company Law in Computerized Environment
The Companies Act, 2013 (Schedules I to VII) _rKapoor N.D. |
||
| 650 |
_aKind of companies _9209224 |
||
| 650 |
_aMemorandum of association _9209225 |
||
| 650 |
_aDeclaration and payment of dividend _9209226 |
||
| 650 |
_aInspection inquiry investigation _9209227 |
||
| 942 |
_2ddc _cBK _e1st _k346.07 KAPN |
||
| 999 |
_c234280 _d234280 |
||